| 000 | 01034cab a22001935a 4500 | ||
|---|---|---|---|
| 001 | L145029 | ||
| 008 | 080902e20080808xxk f v 000 0 eng d | ||
| 035 | _a(Sirsi) u145029 | ||
| 041 | 0 | _aeng | |
| 100 | 1 | _aBright, Susan | |
| 245 | 0 | 0 | _aGoing green |
| 260 | _c2008 | ||
| 490 | 0 |
_aProperty Law Supplement _v158(7333) 8 August 2008, 1135-1136(2) |
|
| 520 | _aConsiders the possible role of lawyers in the development of green leases. Sets out the stages to achieving green leases, focusing on: the light green lease, which removes the obstacles to environmental progress; the mid-green lease, which includes a commitment to achieve environmental targets; and the dark green lease, which involves clear commitments and action when they are not met. Considers the barriers to the wider use of green leases and the likelihood of increasing demand. | ||
| 590 | _aKA | ||
| 651 | 4 |
_aUnited Kingdom _y |
|
| 690 | _aPROPERTY-COMMERCIAL PROPERTY-LEASEHOLD COMMERCIAL PROPERTY-COMMERCIAL LANDLORD AND TENANT-COMMERCIAL LEASES | ||
| 942 | _n0 | ||
| 999 |
_c80679 _d80679 |
||